| 000 | 00000nam 2200000zi 4500 |
| 001 | 9.581563 |
| 003 | CaOODSP |
| 005 | 20220204125044 |
| 006 | m o d f |
| 007 | cr mn||||||||| |
| 008 | 150406t19751975onca ob f001 0 eng d |
| 020 | |a0662014405 |q(print) |
| 040 | |aCaOODSP|beng|erda|cCaOODSP |
| 086 | 1 |aFs94-191E-PDF |
| 086 | 1 |aFs94-191E |
| 100 | 1 |aRicker, W. E. |q(William Edwin), |d1908-2001 |eauthor. |
| 245 | 10|aComputation and interpretation of biological statistics of fish populations / |cW.E. Ricker. |
| 264 | 1|aOttawa : |bDepartment of the Environment, Fisheries and Marine Service, |c1975. |
| 264 | 4|c©1975 |
| 300 | |a1 online resource (xviii, 382 pages) : |billustrations. |
| 490 | 1 |aBulletin ; |v191 |
| 500 | |aIssued also in French under title: Calcul et interprétation des statistiques biologiques des populations de poissons. |
| 500 | |a"Catalogue No. 94-191." |
| 500 | |aDigitized edition from print. |
| 500 | |aIncludes bibliographical references (pages 353-366) and index. |
| 590 | |a15-03-Supp|b2015-03-13 |
| 650 | 0|aFish populations|xStatistical methods. |
| 710 | 2 |aFisheries Research Board of Canada, |eissuing body. |
| 775 | 08|tCalcul et interprétation des statistiques biologiques des populations de poissons / |w(CaOODSP)9.907720 |
| 776 | 0#|tComputation and interpretation of biological statistics of fish populations / |w(CaOODSP)9.616724 |
| 830 | #0|aBulletin (Fisheries Research Board of Canada)|v191.|w(CaOODSP)9.504777 |
| 856 | 40|ahttp://publications.gc.ca|qPDF|s32.99 KB|uhttps://publications.gc.ca/collections/collection_2015/mpo-dfo/Fs94-191-eng.pdf|yBulletin 91 |